000 00260nam a22000977a 4500
999 _c515772
_d515772
082 _aTNC G22x54 K151p
100 _aKashyap, Subhash C.
_921609
245 _aParliamentary wit and humour
_cby Subhash C. Kashyap
260 _aDelhi
_bShipra
_c1992
300 _a212p.